Musical Acts by Letter - Y - Statistics

General Stats
  • This quiz has been taken 181 times
  • The average score is 2 of 11
Answer Stats
Songs Musical Acts % Correct
Heads Will Roll / Maps Yeah Yeah Yeahs
46%
Only You / Don't Go Yazoo
43%
The Fox / Mr. Toot Ylvis
26%
Bedrock / Lookin Ass Young Money
19%
King / Desire Years and Years
17%
Walking on Thin Ice / Kiss Kiss Kiss Yoko Ono
13%
Get Together / Sunlight Youngbloods
11%
Put On / Soul Survivor Young Jeezy
11%
Summertime Girls / Bar Room Boogie Y&T
8%
Loverboy / Underdog You Me At Six
6%
Outsider Outcast / Paperhouse Ynot
2%
No matching quizzes found
Score Distribution
Percent of People with Each Score
Percentile by Number Answered
Your Score History
You have not taken this quiz